Buying and selling a home in Scotland (Record no. 109708)

MARC details
000 -LEADER
fixed length control field 01068cad a22002415a 4500
001 - CONTROL NUMBER
control field E147729
008 - FIXED-LENGTH DATA ELEMENTS--GENERAL INFORMATION
fixed length control field 090609s2009 stk 000 0 eng u
035 ## - SYSTEM CONTROL NUMBER
System control number (Sirsi) u147729
041 ## - LANGUAGE CODE
Language code of text/sound track or separate title eng
050 04 - LIBRARY OF CONGRESS CALL NUMBER
Classification number 333.33 $2 18
110 ## - MAIN ENTRY--CORPORATE NAME
Corporate name or jurisdiction name as entry element Consumer Focus Scotland
9 (RLIN) 5748
245 ## - TITLE STATEMENT
Title Buying and selling a home in Scotland
Medium [electronic resource]
260 ## - PUBLICATION, DISTRIBUTION, ETC.
Place of publication, distribution, etc. [S.l.]
Name of publisher, distributor, etc. [s.n.]
Date of publication, distribution, etc. 2009
300 ## - PHYSICAL DESCRIPTION
Extent 17p.
Other physical details 21cm.
505 2# - FORMATTED CONTENTS NOTE
Formatted contents note Introduction -- The Home Report -- Buying a home -- Selling your home -- What you can do if things go wrong -- Further information
520 ## - SUMMARY, ETC.
Summary, etc. Offers guidance on the home buying and selling process in Scotland. Guidance is taken from the book 'Moving Home in Scotland' by Derek Manson-Smith (see E147728).
521 ## - TARGET AUDIENCE NOTE
Target audience note Introductory
590 ## - LOCAL NOTE (RLIN)
Local note KA
651 ## - SUBJECT ADDED ENTRY--GEOGRAPHIC NAME
Geographic name Scotland
Chronological subdivision 1999-
690 ## - LOCAL SUBJECT ADDED ENTRY--TOPICAL TERM (OCLC, RLIN)
Topical term or geographic name as entry element PROPERTY-RESIDENTIAL PROPERTY-RESIDENTIAL PROPERTY MARKET
856 41 - ELECTRONIC LOCATION AND ACCESS
Uniform Resource Identifier <a href="https://www.scotland.gov.uk/Topics/Built-Environment/Housing/BuyingSelling/Home-Report/HomeinScotland">https://www.scotland.gov.uk/Topics/Built-Environment/Housing/BuyingSelling/Home-Report/HomeinScotland</a>
Public note View the item free of charge at www.scotland.gov.uk
942 ## - ADDED ENTRY ELEMENTS (KOHA)
Suppress in OPAC 0
Holdings
Withdrawn status Lost status Source of classification or shelving scheme Damaged status Not for loan Home library Current library Shelving location Date acquired Total Checkouts Full call number Barcode Date last seen Copy number Price effective from Koha item type
    Dewey Decimal Classification     Virtual Virtual Online 01/03/2011   ONLINE PUBLICATION 147729-2001 06/08/2019 1 06/08/2019 Book